000 00306nam a22001337a 4500
008 170925b xxu||||| |||| 00| 0 eng d
020 _a9781572308237
041 _aeng
080 _a37
100 _a46
101 _aEDU
245 _aDESIGNING PRESCHOOL INTERVENTIONS
_cBARNETT,D,W
942 _2udc
_cBK
999 _c29486
_d29486